| 000 | 00753nam a22001937a 4500 | ||
|---|---|---|---|
| 003 | OSt | ||
| 005 | 20160924141537.0 | ||
| 008 | 160924b xxu||||| |||| 00| 0 eng d | ||
| 020 | _a978-0-8213-5985-3 | ||
| 040 | _cDLC | ||
| 082 |
_22005 _aDC 336.3534 _bG51 |
||
| 245 |
_aGlobal development finance: _bmobilizing finance and managing vulnerability; II: summary and country tables/ _cThe International Bank for Reconstruction and development |
||
| 260 |
_aWashington, D.C.: _bThe World Bank, _cc2005. |
||
| 300 |
_axlix, 601 pages: _billustrations; _c28 cm. |
||
| 650 | 0 |
_915217 _aDebts, external _xDeveloping countries |
|
| 650 | 0 |
_915218 _aFinance, developing countries _vPeriodicals |
|
| 650 | 0 |
_915219 _aInternational finance _vPeriodicals |
|
| 942 |
_2ddc _cDC |
||
| 999 |
_c4808 _d4808 |
||